000 00616nam a22002297a 4500
003 UA-OsUOA
001 96801
007 ta
008 20130322b un ||||| |||| 00| 0 ukr d
100 _aМоравцова Я.
090 _a821.162.3
_bМ79
942 _cBK
040 _aUA-OsUOA
_bukr
_cUA-OsUOA
_dUA-OsUOA
245 _aНатюрморт з цитаделлю
_bроман
300 _a222 с.
955 _a3
041 _aukr
080 _a821.162.3
260 _aЛьвів
_bКаменяр
_c1981
650 7 _a82 Література. Літературознавство
_2UDC
999 _c383051
_d383051